| 000 | 00846nam a22002657a 4500 | ||
|---|---|---|---|
| 001 | 1462 | ||
| 003 | DO-SdBNP | ||
| 005 | 20231023103924.0 | ||
| 007 | 1462 | ||
| 008 | 160620b2013 dr | 0 spa d | ||
| 020 | _a9789945456004 | ||
| 040 |
_aBPMSU _bspa _cBPMSU |
||
| 082 | 4 |
_a641.5 _bC348s 2013 _222 |
|
| 100 | 1 | _aCastellanos, Socorro | |
| 245 | 1 | 3 |
_aEl sabor de mi tierra / _cSocorro Castellanos ; fotografías Mariano Hernández, Jorge Cruz |
| 260 |
_aSanto Domingo : _bAguilar, _c2013 |
||
| 300 |
_a153 p. : _bils ; _c29 cm |
||
| 590 | _aInventariado, 2023/VM | ||
| 650 | 4 |
_aCocina dominicana _xFórmulas y recetas. |
|
| 651 | 4 |
_aRepública Dominicana _xVida social y costumbres |
|
| 700 | 1 |
_aHernández,Mariano _efotografías |
|
| 700 | 2 |
_aCruz, Jorge _efotografías |
|
| 910 | _aVMateo V. Cotnrol de calidad. BPMSU | ||
| 942 |
_2ddc _cBK |
||
| 999 |
_c10440 _d10440 |
||